{"text_format":"3","workbook":"xls","n_sheets":3,"sheets":["PLANILHA","CRONOGRAMA","BDI"],"not_rendered":{"external_links":3,"defined_names":6},"read":"whole","date_system":"1900","formulas":"cached_only"}

{"sheet":"PLANILHA","index":0,"n_rows":174,"n_cols":10,"rows_kept":174,"merged":[[0,0,0,8],[1,0,1,8],[2,0,2,8],[3,0,3,6],[4,0,4,8],[5,0,6,0],[5,1,6,1],[5,2,6,2],[5,3,6,3],[5,4,6,4],[5,5,6,5],[5,6,6,6],[5,7,6,7],[5,8,6,8],[8,11,8,12],[159,0,159,7],[163,0,163,8],[164,0,164,8],[165,0,165,8],[169,0,169,8],[170,0,170,8],[171,0,171,8]],"flags":["formulas_cached_only"]}
["PLANILHA DE ORÇAMENTARIAS - ESCOLA 6 SALAS - CASA NOVA"]
["OBRA: TÉRMINO DE CONSTRUÇÃO DE ESCOLA 06 SALAS NO ÂMBITO DO PROJETO ESPAÇO EDUCATIVO URBANO E RURAL II/FNDE"]
["LOCAL: POVOADO DE CASA NOVA "]
["PLANILHA REFERENCIAL DE PREÇOS: SEINFRA AGOSTO/2023,  SINAPI DEZEMBRO/2023  COM  DESONERAÇÃO REGIÃO NORTE",{"$nulls":6},"BDI",{"v":0.2398,"d":"23.98%"}]
["PRAZO DE EXECUÇÃO: 360 DIAS"]
["ITEM","FONTE","CÓDIGO","DISCRIMINAÇÃO","UNIDADE","QUANTIDADE","PREÇO UNITARIO ","PREÇO UNITARIO COM BDI ","PREÇO TOTAL",0]
[]
[1,null,null,"SERVIÇOS PRELIMINARES",{"$nulls":4},{"v":2413.18,"d":"R$2,413.18"}]
["1.1","SINAPI",103689,"PLACA DE OBRA EM CHAPA ZINCADA, INSTALADA","M²",{"v":6.4,"d":"6.40"},{"v":304.13,"d":"R$304.13"},{"v":377.06,"d":"R$377.06"},{"v":2413.18,"d":"R$2,413.18"}]
[2,null,null,"INSTALAÇÕES HIDRÁULICA",{"$nulls":4},{"v":52211.15,"d":"R$52,211.15"}]
["2.1","SINAPI",89449,"TUBO PVC SOLDÁVEL Ø 50 MM, INCLUSIVE CONEXÕES","M",{"v":52,"d":"52.00"},{"v":23.03,"d":"R$23.03"},{"v":28.55,"d":"R$28.55"},{"v":1484.6,"d":"R$1,484.60"}]
["2.2","SINAPI","75030/3","TUBO PVC SOLDÁVEL Ø 40 MM, INCLUSIVE CONEXÕES","M",{"v":52,"d":"52.00"},{"v":20.04,"d":"R$20.04"},{"v":24.85,"d":"R$24.85"},{"v":1292.2,"d":"R$1,292.20"}]
["2.3","SINAPI","75030/2","TUBO PVC SOLDÁVEL Ø 32 MM, INCLUSIVE CONEXÕES","M",{"v":6,"d":"6.00"},{"v":13.93,"d":"R$13.93"},{"v":17.27,"d":"R$17.27"},{"v":103.62,"d":"R$103.62"}]
["2.4","SINAPI","75030/1","TUBO PVC SOLDÁVEL Ø 25 MM, INCLUSIVE CONEXÕES","M",{"v":26,"d":"26.00"},{"v":12.8,"d":"R$12.80"},{"v":15.87,"d":"R$15.87"},{"v":412.62,"d":"R$412.62"}]
["2.5","SINAPI","75030/1","TUBO PVC SOLDÁVEL Ø 20 MM, INCLUSIVE CONEXÕES","M",{"v":85,"d":"85.00"},{"v":10.57,"d":"R$10.57"},{"v":13.1,"d":"R$13.10"},{"v":1113.5,"d":"R$1,113.50"}]
["2.6","SINAPI",89595,"ADAPTADOR DE PVC RÍGIDO SOLDAVÉL CURTO C/ BOLSA E ROSCA P/ REGISTRO DIAM=50MMX1 1/4\"","UN",{"v":2,"d":"2.00"},{"v":16.9,"d":"R$16.90"},{"v":20.95,"d":"R$20.95"},{"v":41.9,"d":"R$41.90"}]
["2.7","SINAPI",89383,"ADAPTADOR DE PVC RÍGIDO SOLDAVÉL CURTO C/ BOLSA E ROSCA P/ REGISTRO DIAM=25MMX3/4\"","UN",{"v":12,"d":"12.00"},{"v":6.29,"d":"R$6.29"},{"v":7.8,"d":"R$7.80"},{"v":93.6,"d":"R$93.60"}]
["2.8","SINAPI",89376,"ADAPTADOR DE PVC RÍGIDO SOLDAVÉL CURTO C/ BOLSA E ROSCA P/ REGISTRO DIAM=20MMX1/2\"","UN",{"v":10,"d":"10.00"},{"v":5.3,"d":"R$5.30"},{"v":6.57,"d":"R$6.57"},{"v":65.7,"d":"R$65.70"}]
["2.9","SINAPI","74183/1","REGISTRO DE GAVETA BRUTO, Ø 1 1/2\"","UN",{"v":1,"d":"1.00"},{"v":106.21,"d":"R$106.21"},{"v":131.68,"d":"R$131.68"},{"v":131.68,"d":"R$131.68"}]
["2.10","SINAPI",94498,"REGISTRO DE GAVETA BRUTO, Ø 2\"","UN",{"v":1,"d":"1.00"},{"v":196.31,"d":"R$196.31"},{"v":243.39,"d":"R$243.39"},{"v":243.39,"d":"R$243.39"}]
["2.11","SINAPI",94499,"REGISTRO DE GAVETA BRUTO, Ø 2 1/2\"","UN",{"v":2,"d":"2.00"},{"v":396.17,"d":"R$396.17"},{"v":491.17,"d":"R$491.17"},{"v":982.34,"d":"R$982.34"}]
["2.12","SINAPI",89984,"REGISTRO GAVETA C/ CANOPLA CROMADA, DN 20 MM (3/4”)","UN",{"v":2,"d":"2.00"},{"v":114.35,"d":"R$114.35"},{"v":141.77,"d":"R$141.77"},{"v":283.54,"d":"R$283.54"}]
["2.13","SINAPI",89987,"REGISTRO GAVETA C/ CANOPLA CROMADA, DN 25 MM (1”)","UN",{"v":1,"d":"1.00"},{"v":82.5,"d":"R$82.50"},{"v":102.28,"d":"R$102.28"},{"v":102.28,"d":"R$102.28"}]
["2.14","SINAPI",89987,"REGISTRO GAVETA C/ CANOPLA CROMADA, DN 32 MM (1 1/4”)","UN",{"v":2,"d":"2.00"},{"v":126.27,"d":"R$126.27"},{"v":156.55,"d":"R$156.55"},{"v":313.1,"d":"R$313.10"}]
["2.15","SINAPI",85118,"REGISTRO DE PRESSAO COM CANOPLA Ø 3/4\"","UN",{"v":1,"d":"1.00"},{"v":43.33,"d":"R$43.33"},{"v":53.72,"d":"R$53.72"},{"v":53.72,"d":"R$53.72"}]
["2.16","SINAPI",95635,"KIT CAVALETE PARA MEDIÇÃO DE ÁGUA - ENTRADA PRINCIPAL, EM PVC 25 MM (3/4\") - FORNECIMENTO E INSTALAÇÃO (EXCLUSIVE HIDRÔMETRO). AF_03/2024","UN",{"v":1,"d":"1.00"},{"v":218.23,"d":"R$218.23"},{"v":270.56,"d":"R$270.56"},{"v":270.56,"d":"R$270.56"}]
["2.17","SINAPI",86911,"TORNEIRA DE PAREDE DE USO GERAL COM AREJADOR IZY, CÓDIGO 1155.C37, DECA, OU EQUIVALENTE PARA JARDIM OU TANQUE, PADRAO ALTO","UN",{"v":1,"d":"1.00"},{"v":83.11,"d":"R$83.11"},{"v":103.04,"d":"R$103.04"},{"v":103.04,"d":"R$103.04"}]
["2.18","SEINFRA","ED-50034","TUBO DE PVC SÉRIE NORMAL 40MM, FORNEC. E INSTALAÇÃO, INCLUSIVE CONEXÕES","M",{"v":14,"d":"14.00"},{"v":26.18,"d":"R$26.18"},{"v":32.46,"d":"R$32.46"},{"v":454.44,"d":"R$454.44"}]
["2.19","SEINFRA","ED-50027","TUBO DE PVC SÉRIE NORMAL 50MM , FORNEC. E INSTALAÇÃO, INCLUSIVE CONEXÕES","M",{"v":12.5,"d":"12.50"},{"v":22.94,"d":"R$22.94"},{"v":28.44,"d":"R$28.44"},{"v":355.5,"d":"R$355.50"}]
["2.20","SINAPI",90694,"TUBO DE PVC SÉRIE NORMAL 100MM, FORNEC. E INSTALAÇÃO, INCLUSIVE CONEXÕES","M",{"v":77,"d":"77.00"},{"v":47.13,"d":"R$47.13"},{"v":58.43,"d":"R$58.43"},{"v":4499.11,"d":"R$4,499.11"}]
["2.21","SINAPI",89482,"CAIXA SIFONADA 100X100X50MM","UN",{"v":4,"d":"4.00"},{"v":33.89,"d":"R$33.89"},{"v":42.02,"d":"R$42.02"},{"v":168.08,"d":"R$168.08"}]
["2.22","SINAPI",104326,"RALO SECO PVC 100X100MM","UN",{"v":4,"d":"4.00"},{"v":17.14,"d":"R$17.14"},{"v":21.25,"d":"R$21.25"},{"v":85,"d":"R$85.00"}]
["2.23","SEINFRA","ED-49902","CAIXA DE GORDURA SIFONADA, EM ALVENARIA DE TIJOLO, MEDINDO 900X900X1200MM, COM TAMPÃO EM FERRO FUNDIDO","UN",{"v":1,"d":"1.00"},{"v":1427.25,"d":"R$1,427.25"},{"v":1769.5,"d":"R$1,769.50"},{"v":1769.5,"d":"R$1,769.50"}]
["2.24","SEINFRA","ED-49902","CAIXA DE INSPEÇÃO EM ALVENARIA DE TIJOLO MEDINDO 900X900X600MM , COM TAMPÃO EM FERRO FUNDIDO","UN",{"v":10,"d":"10.00"},{"v":1427.25,"d":"R$1,427.25"},{"v":1769.5,"d":"R$1,769.50"},{"v":17695,"d":"R$17,695.00"}]
["2.25","SEINFRA","ED-50296","BACIA SANITÁRIA CONVENCIONAL IZY, COR BRANCO GELO, CÓDIGO P.11, DECA, OU EQUIVALENTE","UN",{"v":5,"d":"5.00"},{"v":316.51,"d":"R$316.51"},{"v":392.41,"d":"R$392.41"},{"v":1962.05,"d":"R$1,962.05"}]
["2.26","SEINFRA","ED-50298","BACIA SANITÁRIA VOGUE PLUS, LINHA CONFORTO COM ABERTURA, COR BRANCO GELO, CÓDIGO: P.51,  DECA, OU EQUIVALENTE P/ DE DESCARGA, COM ACESSÓRIOS, BOLSA DE BORRACHA PARA LIGACAO, TUBO PVC LIGACAO - FORNECIMENTO E INSTALACAO","UN",{"v":3,"d":"3.00"},{"v":735.76,"d":"R$735.76"},{"v":912.2,"d":"R$912.20"},{"v":2736.6,"d":"R$2,736.60"}]
["2.27","SINAPI",86902,"86902 LAVATÓRIO LOUÇA BRANCA COM COLUNA, *44 X 35,5* CM, PADRÃO POPULAR - FORNECIMENTO E INSTALAÇÃO. AF_01/2020","UN",{"v":3,"d":"3.00"},{"v":324.03,"d":"R$324.03"},{"v":401.73,"d":"R$401.73"},{"v":1205.19,"d":"R$1,205.19"}]
["2.28","SINAPI",86904,"LAVATÓRIO PEQUENO RAVENA/IZY COR BRANCO GELO, CÓDIGO: L.915, DECA, OU EQUIVALENTE, SEM COLUNA,(VÁLVULA, SIFAO E ENGATE FLEXÍVEL CROMADOS), EXCETO TORNEIRA","UN",{"v":2,"d":"2.00"},{"v":363.22,"d":"R$363.22"},{"v":450.32,"d":"R$450.32"},{"v":900.64,"d":"R$900.64"}]
["2.29","SEINFRA","ED-50287","CUBA DE LOUÇA BRANCA DE SOBREPOR, FORMATO OVAL, INCLUSIVE VÁLVULA DE ESCOAMENTO DE METAL COM ACABAMENTO CROMADO, SIFÃO DE METAL TIPO COPO COM ACABAMENTO CROMADO, FORNECIMENTO E INSTALAÇÃO","UN",{"v":6,"d":"6.00"},{"v":469.98,"d":"R$469.98"},{"v":582.68,"d":"R$582.68"},{"v":3496.08,"d":"R$3,496.08"}]
["2.30","SEINFRA","ED-9156","TANQUE GRANDE (40 L) COR BRANCO GELO, CÓDIGO TQ.03, DECA, OU EQUIVALENTE","UN",{"v":1,"d":"1.00"},{"v":622.8,"d":"R$622.80"},{"v":772.15,"d":"R$772.15"},{"v":772.15,"d":"R$772.15"}]
["2.31","SINAPI",95544,"PAPELEIRA METÁLICA LINHA IZY, CÓDIGO 2020.C37, DECA OU EQUIVALENTE","UN",{"v":8,"d":"8.00"},{"v":40.49,"d":"R$40.49"},{"v":50.2,"d":"R$50.20"},{"v":401.6,"d":"R$401.60"}]
["2.32","SEINFRA","ED-48182","DISPENSER TOALHA LINHA EXCELLENCE, CÓDIGO 7007, MELHORAMENTOS OU EQUIVALENTE.","UN",{"v":9,"d":"9.00"},{"v":64.47,"d":"R$64.47"},{"v":79.93,"d":"R$79.93"},{"v":719.37,"d":"R$719.37"}]
["2.33","SINAPI",100860,"CHUVEIRO MAXI DUCHA, LORENZETTI, COM MANGUEIRA PLÁSTICA/DESVIADOR PARA DUCHAS ELÉTRICAS, CÓGIGO 8010-A, LORENZETTI,  OU EQUIVALENTE","UN",{"v":1,"d":"1.00"},{"v":88.15,"d":"R$88.15"},{"v":109.29,"d":"R$109.29"},{"v":109.29,"d":"R$109.29"}]
["2.34","SINAPI",86909,"TORNEIRA PARA COZINHA DE MESA BICA MÓVEL IZY, CÓDIGO 1167.C37, DECA, OU EQUIVALENTE","UN",{"v":5,"d":"5.00"},{"v":123.34,"d":"R$123.34"},{"v":152.92,"d":"R$152.92"},{"v":764.6,"d":"R$764.60"}]
["2.35","SINAPI",99635,"VÁLVULA DE DESCARGA: BASE HYDRA MAX, CÓDIGO 4550.404 E ACABAMENTO HYDRA MAX, CÓDIGO 4900.C.MAX 1 ½”, ACABAMENTO CROMADO, DECA OU EQUIVALENTE","UN",{"v":5,"d":"5.00"},{"v":342.8,"d":"R$342.80"},{"v":425,"d":"R$425.00"},{"v":2125,"d":"R$2,125.00"}]
["2.36","SINAPI",95547,"SABONETEIRA LINHA EXCELLENCE, CÓDIGO 7009, MELHORAMENTOS OU EQUIVALENTE","UN",{"v":9,"d":"9.00"},{"v":43.93,"d":"R$43.93"},{"v":54.46,"d":"R$54.46"},{"v":490.14,"d":"R$490.14"}]
["2.37","SEINFRA","ED-50277","CUBA EM AÇO INOXIDÁVEL DE EMBUTIR, AISI 304, APLICAÇÃO PARA PIA (465X330X115MM), NÚMERO 1, ASSENTAMENTO EM BANCADA, INCLUSIVE VÁLVULA DE ESCOAMENTO DE METAL COM ACABAMENTO CROMADO, SIFÃO DE METAL TIPO COPO COM ACABAMENTO CROMADO, FORNECIMENTO E INSTALAÇÃO","UN",{"v":2,"d":"2.00"},{"v":480.83,"d":"R$480.83"},{"v":596.13,"d":"R$596.13"},{"v":1192.26,"d":"R$1,192.26"}]
["2.38","SINAPI",100872,"BARRA DE APOIO, LINHA CONFORTO, CÓDIGO 2305.C, COR CROMADO, DECA OU EQUIVALENTE","UN",{"v":6,"d":"6.00"},{"v":358.11,"d":"R$358.11"},{"v":443.98,"d":"R$443.98"},{"v":2663.88,"d":"R$2,663.88"}]
["2.39","SEINFRA","ED-48167","BARRA DE APOIO PARA LAVATÓRIO \" U \", LINHA CONFORTO, AÇO POLIDO, DECA, OU EQUIVALENTE","UN",{"v":2,"d":"2.00"},{"v":223.54,"d":"R$223.54"},{"v":277.14,"d":"R$277.14"},{"v":554.28,"d":"R$554.28"}]
[3,null,null,"INSTALAÇÕES ELÉTRICAS E TELEFÔNICAS 110V",{"$nulls":4},{"v":128106.37,"d":"R$128,106.37"}]
["3.1","SINAPI",91840,"ELETRODUTO PVC RÍGIDO ROSCAVEL, Ø40MM (DN 1 1/2\"), INCLUSIVE CONEXÕES","M",{"v":900,"d":"900.00"},{"v":19.02,"d":"R$19.02"},{"v":23.58,"d":"R$23.58"},{"v":21222,"d":"R$21,222.00"}]
["3.2","SINAPI",91840,"ELETRODUTO PVC RÍGIDO ROSCAVEL, Ø40MM (DN 1 1/2\"), INCLUSIVE CONEXÕES","M",{"v":30,"d":"30.00"},{"v":19.02,"d":"R$19.02"},{"v":23.58,"d":"R$23.58"},{"v":707.4,"d":"R$707.40"}]
["3.3","SEINFRA","ED-48946","CABO DE COBRE FLEXÍVEL, CLASSE 5, ISOLAMENTO TIPO LSHF/ATOX, NÃO HALOGENADO, ANTICHAMA, TERMOPLÁSTICO,\nUNIPOLAR, SEÇÃO 1,5 MM2, 70°C, 450/750V","M",{"v":1800,"d":"1,800.00"},{"v":2.66,"d":"R$2.66"},{"v":3.3,"d":"R$3.30"},{"v":5940,"d":"R$5,940.00"}]
["3.4","SEINFRA","ED-48951","CABO DE COBRE FLEXÍVEL, CLASSE 5, ISOLAMENTO TIPO LSHF/ATOX, NÃO HALOGENADO, ANTICHAMA, TERMOPLÁSTICO,\nUNIPOLAR, SEÇÃO 2,5 MM2, 70°C, 450/750V","M",{"v":3000,"d":"3,000.00"},{"v":4.23,"d":"R$4.23"},{"v":5.24,"d":"R$5.24"},{"v":15720,"d":"R$15,720.00"}]
["3.5","SEINFRA","ED-48956","CABO DE COBRE FLEXÍVEL, CLASSE 5, ISOLAMENTO TIPO LSHF/ATOX, NÃO HALOGENADO, ANTICHAMA, TERMOPLÁSTICO,\nUNIPOLAR, SEÇÃO 4 MM2, 70°C, 450/750V","M",{"v":150,"d":"150.00"},{"v":5.87,"d":"R$5.87"},{"v":7.28,"d":"R$7.28"},{"v":1092,"d":"R$1,092.00"}]
["3.6","SEINFRA","ED-48961","CABO DE COBRE FLEXÍVEL, CLASSE 5, ISOLAMENTO TIPO LSHF/ATOX, NÃO HALOGENADO, ANTICHAMA, TERMOPLÁSTICO,\nUNIPOLAR, SEÇÃO 6 MM2, 70°C, 450/750V","M",{"v":300,"d":"300.00"},{"v":8.28,"d":"R$8.28"},{"v":10.27,"d":"R$10.27"},{"v":3081,"d":"R$3,081.00"}]
["3.7","SEINFRA","ED-48971","CABO DE COBRE FLEXÍVEL, CLASSE 5, ISOLAMENTO TIPO LSHF/ATOX, NÃO HALOGENADO, ANTICHAMA, TERMOPLÁSTICO,\nUNIPOLAR, SEÇÃO 16 MM2, 70°C, 450/750V","M",{"v":350,"d":"350.00"},{"v":18,"d":"R$18.00"},{"v":22.32,"d":"R$22.32"},{"v":7812,"d":"R$7,812.00"}]
["3.8","SINAPI",98262,"CABO CCI-50  2 PARES","M",{"v":35,"d":"35.00"},{"v":4.05,"d":"R$4.05"},{"v":5.02,"d":"R$5.02"},{"v":175.7,"d":"R$175.70"}]
["3.9","SEINFRA","ED-48936","CABO TELEFÔNICO CCE-APL-50.2","M",{"v":70,"d":"70.00"},{"v":21.5,"d":"R$21.50"},{"v":26.66,"d":"R$26.66"},{"v":1866.2,"d":"R$1,866.20"}]
["3.10","SINAPI",92023,"INTERRUPTOR SIMPLES 10 A, COMPLETA","UN",{"v":24,"d":"24.00"},{"v":46.14,"d":"R$46.14"},{"v":57.2,"d":"R$57.20"},{"v":1372.8,"d":"R$1,372.80"}]
["3.11","SINAPI",91959,"INTERRUPTOR DUAS SEÇÕES 10A POR SEÇÃO, COMPLETA","UN",{"v":11,"d":"11.00"},{"v":41.44,"d":"R$41.44"},{"v":51.38,"d":"R$51.38"},{"v":565.18,"d":"R$565.18"}]
["3.12","SINAPI",98308,"TOMADA PARA TELEFONE","UN",{"v":7,"d":"7.00"},{"v":28.9,"d":"R$28.90"},{"v":35.83,"d":"R$35.83"},{"v":250.81,"d":"R$250.81"}]
["3.13","SINAPI",91992,"TOMADA UNIVERSAL, 2P+T, 10A/250V, COR BRANCA, COMPLETA","UN",{"v":57,"d":"57.00"},{"v":40.61,"d":"R$40.61"},{"v":50.35,"d":"R$50.35"},{"v":2869.95,"d":"R$2,869.95"}]
["3.14","SINAPI",91993,"TOMADA UNIVERSAL, 2P+T, 20A/250V, COR BRANCA, COMPLETA","UN",{"v":5,"d":"5.00"},{"v":42.73,"d":"R$42.73"},{"v":52.98,"d":"R$52.98"},{"v":264.9,"d":"R$264.90"}]
["3.15","SEINFRA","ED-49188","CAIXA DE PASSAGEM PVC 4X4\" - FORNECIMENTO E INSTALAÇÃO","UN",{"v":5,"d":"5.00"},{"v":13.52,"d":"R$13.52"},{"v":16.76,"d":"R$16.76"},{"v":83.8,"d":"R$83.80"}]
["3.16","SEINFRA","ED-49187","CAIXA DE PASSAGEM PVC 4X2\" - FORNECIMENTO E INSTALAÇÃO","UN",{"v":97,"d":"97.00"},{"v":10.02,"d":"R$10.02"},{"v":12.42,"d":"R$12.42"},{"v":1204.74,"d":"R$1,204.74"}]
["3.17","SEINFRA","ED-49191","CAIXA DE PASSAGEM PVC 3\" OCTOGONAL","UN",{"v":94,"d":"94.00"},{"v":10.98,"d":"R$10.98"},{"v":13.61,"d":"R$13.61"},{"v":1279.34,"d":"R$1,279.34"}]
["3.18","SINAPI","ED-49499","QUADRO DE DISTRIBUIÇÃO DE EMBUTIR, SEM BARRAMENTO, PARA  12 DISJUNTORES PADRÃO EUROPEU (LINHA BRANCA), EXCLUSIVE DISJUNTORES","UN",{"v":2,"d":"2.00"},{"v":194.96,"d":"R$194.96"},{"v":241.71,"d":"R$241.71"},{"v":483.42,"d":"R$483.42"}]
["3.19","SEINFRA","ED-49279","DISJUNTOR BIPOLAR TERMOMAGNETICO 70 A - 4.5 KA","UN",{"v":1,"d":"1.00"},{"v":68.39,"d":"R$68.39"},{"v":84.79,"d":"R$84.79"},{"v":84.79,"d":"R$84.79"}]
["3.20","SEINFRA","ED-49270","DISJUNTOR BIPOLAR TERMOMAGNETICO 16 A - 4.5 KA","UN",{"v":1,"d":"1.00"},{"v":51.06,"d":"R$51.06"},{"v":63.3,"d":"R$63.30"},{"v":63.3,"d":"R$63.30"}]
["3.21","SEINFRA","ED-49271","DISJUNTOR BIPOLAR TERMOMAGNETICO 20 A - 5 KA","UN",{"v":5,"d":"5.00"},{"v":51.06,"d":"R$51.06"},{"v":63.3,"d":"R$63.30"},{"v":316.5,"d":"R$316.50"}]
["3.22","SINAPI",93659,"DISJUNTOR TERMOMAGNETICO MONOPOLAR 50 A, PADRÃO DIN (LINHA BRANCA)","UN",{"v":1,"d":"1.00"},{"v":31.83,"d":"R$31.83"},{"v":39.46,"d":"R$39.46"},{"v":39.46,"d":"R$39.46"}]
["3.23","SINAPI","ED-49499","QUADRO DE DISTRIBUIÇÃO DE EMBUTIR, SEM BARRAMENTO, PARA  12 DISJUNTORES PADRÃO EUROPEU (LINHA BRANCA), EXCLUSIVE DISJUNTORES","UN",{"v":2,"d":"2.00"},{"v":194.96,"d":"R$194.96"},{"v":241.71,"d":"R$241.71"},{"v":483.42,"d":"R$483.42"}]
["3.24","SINAPI",93659,"DISJUNTOR TERMOMAGNETICO MONOPOLAR 50 A, PADRÃO DIN (LINHA BRANCA)","UN",{"v":1,"d":"1.00"},{"v":31.83,"d":"R$31.83"},{"v":39.46,"d":"R$39.46"},{"v":39.46,"d":"R$39.46"}]
["3.25","SEINFRA","ED-49270","DISJUNTOR BIPOLAR TERMOMAGNETICO 16 A - 4.5 KA","UN",{"v":1,"d":"1.00"},{"v":51.06,"d":"R$51.06"},{"v":63.3,"d":"R$63.30"},{"v":63.3,"d":"R$63.30"}]
["3.26","SEINFRA","ED-49271","DISJUNTOR BIPOLAR TERMOMAGNETICO 20 A - 5 KA","UN",{"v":5,"d":"5.00"},{"v":51.06,"d":"R$51.06"},{"v":63.3,"d":"R$63.30"},{"v":316.5,"d":"R$316.50"}]
["3.27","SINAPI","ED-49499","QUADRO DE DISTRIBUIÇÃO DE EMBUTIR, SEM BARRAMENTO, PARA  12 DISJUNTORES PADRÃO EUROPEU (LINHA BRANCA), EXCLUSIVE DISJUNTORES","UN",{"v":2,"d":"2.00"},{"v":194.96,"d":"R$194.96"},{"v":241.71,"d":"R$241.71"},{"v":483.42,"d":"R$483.42"}]
["3.28","SINAPI","ED-49269","DISJUNTOR  TRIPOLAR TERMOMAGNETICO 32 A - 4.5 KA","UN",{"v":1,"d":"1.00"},{"v":51.06,"d":"R$51.06"},{"v":63.3,"d":"R$63.30"},{"v":63.3,"d":"R$63.30"}]
["3.29","SEINFRA","ED-49270","DISJUNTOR BIPOLAR TERMOMAGNETICO 16 A - 4.5 KA","UN",{"v":1,"d":"1.00"},{"v":51.06,"d":"R$51.06"},{"v":63.3,"d":"R$63.30"},{"v":63.3,"d":"R$63.30"}]
["3.30","SEINFRA","ED-49271","DISJUNTOR BIPOLAR TERMOMAGNETICO 20 A - 5 KA","UN",{"v":5,"d":"5.00"},{"v":51.06,"d":"R$51.06"},{"v":63.3,"d":"R$63.30"},{"v":316.5,"d":"R$316.50"}]
["3.31","SINAPI",93656,"DISJUNTOR TERMOMAGNETICO MONOPOLAR 25 A, PADRÃO DIN (LINHA BRANCA)","UN",{"v":1,"d":"1.00"},{"v":18.63,"d":"R$18.63"},{"v":23.1,"d":"R$23.10"},{"v":23.1,"d":"R$23.10"}]
["3.32","SEINFRA","ED-20580","QUADRO DE MEDIÇÃO FORNECIMENTO E INSTALAÇÃO","UN",{"v":1,"d":"1.00"},{"v":2981.97,"d":"R$2,981.97"},{"v":3697.05,"d":"R$3,697.05"},{"v":3697.05,"d":"R$3,697.05"}]
["3.33","SEINFRA","ED-49169","CAIXA DE PASSAGEM 60X60 COM TAMPA","UN",{"v":5,"d":"5.00"},{"v":280.41,"d":"R$280.41"},{"v":347.65,"d":"R$347.65"},{"v":1738.25,"d":"R$1,738.25"}]
["3.34","SEINFRA","ED-49224","QUADRO DE DESTRIBUIÇÃOPARA TELEFONE - FORNECIMENTO E INSTALAÇÃO","UN",{"v":1,"d":"1.00"},{"v":522.31,"d":"R$522.31"},{"v":647.56,"d":"R$647.56"},{"v":647.56,"d":"R$647.56"}]
["3.35","SINAPI",97585,"LUMINÁRIAS 2X16W COMPLETA","UN",{"v":5,"d":"5.00"},{"v":125.43,"d":"R$125.43"},{"v":155.51,"d":"R$155.51"},{"v":777.55,"d":"R$777.55"}]
["3.36","SINAPI",97586,"LUMINÁRIAS 2X32W COMPLETA","UN",{"v":89,"d":"89.00"},{"v":171.7,"d":"R$171.70"},{"v":212.87,"d":"R$212.87"},{"v":18945.43,"d":"R$18,945.43"}]
["3.37","SINAPI",96973,"CORDOALHA DE COBRE NU 35 MM2","M",{"v":430.8,"d":"430.80"},{"v":60.41,"d":"R$60.41"},{"v":74.9,"d":"R$74.90"},{"v":32266.92,"d":"R$32,266.92"}]
["3.38","SEINFRA","ED-51090","TERMINAL A COMPRESSAO EM COBRE ESTANHADO 2 FUROS PARA CABO 35 MM2","UN",{"v":42,"d":"42.00"},{"v":23.14,"d":"R$23.14"},{"v":28.69,"d":"R$28.69"},{"v":1204.98,"d":"R$1,204.98"}]
["3.39","SEINFRA","ED-48701","CONECTOR  DE BRONZE PARA HASTE DE 5/8\" E CABO DE 50 MM²","UN",{"v":28,"d":"28.00"},{"v":13.86,"d":"R$13.86"},{"v":17.18,"d":"R$17.18"},{"v":481.04,"d":"R$481.04"}]
[4,null,null,"ALVENARIA",{"$nulls":4},{"v":13072.41,"d":"R$13,072.41"}]
["4.1","SEINFRA","ED-48533","DIVISÓRIA DE BANHEIROS E SANITÁRIOS EM GRANITO COM ESPESSURA DE 2CM POLIDO ASSENTADO COM ARGAMASSA TRAÇO 1:4","M²",11.32,{"v":677.81,"d":"R$677.81"},{"v":840.35,"d":"R$840.35"},{"v":9512.76,"d":"R$9,512.76"}]
["4.2","SINAPI",101161,"ALVENARIA DE VEDAÇÃO COM ELEMENTO VAZADO DE CONCRETO (COBOGÓ) DE 7X50X50CM E ARGAMASSA DE ASSENTAMENTO COM PREPARO EM BETONEIRA. AF_05/2020","M²",13.05,{"v":220.01,"d":"R$220.01"},{"v":272.77,"d":"R$272.77"},{"v":3559.65,"d":"R$3,559.65"}]
[5,null,null,"ESQUADRIAS",{"$nulls":4},{"v":80677.96,"d":"R$80,677.96"}]
["5.1","SINAPI",90822,"PORTA DE ABRIR EM MADEIRA 0,80X2,10M , PM1, INCLUSO ADUELA 1A, ALIZAR E DOBRADIÇA COM ANEIS,CONFORME PROJETO DE ESQUADRIAS","UN",{"v":8,"d":"8.00"},{"v":327.71,"d":"R$327.71"},{"v":406.29,"d":"R$406.29"},{"v":3250.32,"d":"R$3,250.32"}]
["5.2","SEINFRA","ED-49605","PORTA DE ABRIR EM MADEIRA 0,80X2,10M COM CHAPA METÁLICA H=50CM, VISOR DE VIDRO 20X110CM, PM2, CONFORME PROJETO DE ESQUADRIAS","UN",{"v":8,"d":"8.00"},{"v":1351.74,"d":"R$1,351.74"},{"v":1675.89,"d":"R$1,675.89"},{"v":13407.12,"d":"R$13,407.12"}]
["5.3","SEINFRA","ED-49604","PORTA DE ABRIR EM MADEIRA 0,80X2,10M COM CHAPA METÁLICA, PM3, CONFORME PROJETO DE ESQUADRIAS","UN",{"v":8,"d":"8.00"},{"v":942.19,"d":"R$942.19"},{"v":1168.13,"d":"R$1,168.13"},{"v":9345.04,"d":"R$9,345.04"}]
["5.4","CPU","MERCADO","PORTA DE MADEIRA - PM4 - 0,60X210 - COM VENEZIANA EXCLUSO FERRAGENS, CONFORME PROJETO DE ESQUADRIAS","UN",{"v":3,"d":"3.00"},{"v":669.52,"d":"R$669.52"},{"v":830.07,"d":"R$830.07"},{"v":2490.21,"d":"R$2,490.21"}]
["5.5","CPU","MERCADO","PORTA DE MADEIRA - PM5 - 0,80X210, COM VENEZIANA EXCLUSO FERRAGENS, CONFORME PROJETO DE ESQUADRIAS","UN",{"v":2,"d":"2.00"},{"v":669.52,"d":"R$669.52"},{"v":830.07,"d":"R$830.07"},{"v":1660.14,"d":"R$1,660.14"}]
["5.6","SINAPI",94559,"BASCULANTE DE FERRO (DIMENSÕES, DETALHES E NOS AMBIENTES CONFORME O PROJETO - VIDE QUADRO DE ESQUADRIAS)","M²",{"v":72.6,"d":"72.60"},{"v":489.99,"d":"R$489.99"},{"v":607.49,"d":"R$607.49"},{"v":44103.77,"d":"R$44,103.77"}]
["5.7","SINAPI",90830,"FECHADURA DE EMBUTIR COMPLETA, PARA PORTAS EXTERNAS","UN",{"v":22,"d":"22.00"},{"v":166.49,"d":"R$166.49"},{"v":206.41,"d":"R$206.41"},{"v":4541.02,"d":"R$4,541.02"}]
["5.8","SEINFRA","ED-49697","DOBRADIÇA DE FERRO, MEDIDAS (3\"X2.1/2\"), TIPO PINO SOLTO COM BOLA, ACABAMENTO CROMADO, INCLUSIVE ACESSÓRIOS PARA FIXAÇÃO","UN",{"v":66,"d":"66.00"},{"v":22.98,"d":"R$22.98"},{"v":28.49,"d":"R$28.49"},{"v":1880.34,"d":"R$1,880.34"}]
[6,null,null,"SISTEMA DE COBERTURA",{"$nulls":4},{"v":1554.97,"d":"R$1,554.97"}]
["6.1","SEINFRA","ED-50678","RUFO E CONTRARRUFO EM CHAPA GALVANIZADA, ESP. 0,65MM (GSG-24), COM DESENVOLVIMENTO DE 33CM, INCLUSIVE IÇAMENTO MANUAL VERTICAL","M",{"v":24.6,"d":"24.60"},{"v":50.98,"d":"R$50.98"},{"v":63.21,"d":"R$63.21"},{"v":1554.97,"d":"R$1,554.97"}]
[7,null,null,"REVESTIMENTOS INTERNOS E EXTERNOS",{"$nulls":4},{"v":64140.52,"d":"R$64,140.52"}]
["7.1","SEINFRA","ED-50722","REVESTIMENTO CERÂMICO DE PAREDES PEI IV - CERÂMICA 10 X 10 CM APLICADO COM ARGAMASSA INDUSTRIALIZADA- INCL. REJUNTE - CONFORME PROJETO","M²",{"v":765.4,"d":"765.40"},{"v":67.59,"d":"R$67.59"},{"v":83.8,"d":"R$83.80"},{"v":64140.52,"d":"R$64,140.52"}]
[8,null,null,"SISTEMAS DE PISOS INTERNOS E EXTERNOS (PAVIMENTAÇÃO)",{"$nulls":4},{"v":115244.68,"d":"R$115,244.68"}]
["8.1","SINAPI",87757,"CAMADA IMPERMEABILIZADORA E=5CM","M²",787.23,{"v":51.95,"d":"R$51.95"},{"v":64.41,"d":"R$64.41"},{"v":50705.48,"d":"R$50,705.48"}]
["8.2","SINAPI",87251,"PISO CERÂMICO ESMALTADO PEI V - 40 X 40 CM  APLICADO COM ARGAMASSA INDUSTRIALIZADA - INCL. REJUNTE - CINZA ANTIDERRAPANTE - CONFORME PROJETO","M²",787.23,{"v":48.5,"d":"R$48.50"},{"v":60.13,"d":"R$60.13"},{"v":47336.14,"d":"R$47,336.14"}]
["8.3","SINAPI",94992,"PISO EM CONCRETO SIMPLES DESEMPOLADO, FCK = 15 MPA, E = 7 CM (CALÇADAS)","M2",168.13,{"v":82.53,"d":"R$82.53"},{"v":102.32,"d":"R$102.32"},{"v":17203.06,"d":"R$17,203.06"}]
[9,null,null,"SOLEIRA E RODAPÉS",{"$nulls":4},{"v":10420.69,"d":"R$10,420.69"}]
["9.1","SEINFRA","ED-51002","SOLEIRA EM GRANITO CINZA ANDORINHA, L=15CM, E=2CM","M",{"v":26.5,"d":"26.50"},{"v":295.29,"d":"R$295.29"},{"v":366.1,"d":"R$366.10"},{"v":9701.65,"d":"R$9,701.65"}]
["9.2","SEINFRA","ED-50771","REVESTIMENTO EM CERÂMICA ESMALTADA COMERCIAL, ALTURA 10CM, PEI IV, ASSENTAMENTO COM ARGAMASSA INDUSTRIALIZADA, INCLUSIVE REJUNTAMENTO","M",{"v":56,"d":"56.00"},{"v":10.36,"d":"R$10.36"},{"v":12.84,"d":"R$12.84"},{"v":719.04,"d":"R$719.04"}]
[10,null,null,"PINTURA",{"$nulls":4},{"v":25857.32,"d":"R$25,857.32"}]
["10.1","SINAPI",104642,"PINTURA EM LATEX ACRÍLICO 02 DEMÃOS SOBRE PAREDES INTERNAS E EXTERNAS","M²",978.56,{"v":10.21,"d":"R$10.21"},{"v":12.66,"d":"R$12.66"},{"v":12388.57,"d":"R$12,388.57"}]
["10.2","SINAPI",104640,"PINTURA EM LATEX PVA 02 DEMÃOS SOBRE LAJES INTERNAS E EXTERNAS","M²",{"v":628,"d":"628.00"},{"v":12.32,"d":"R$12.32"},{"v":15.27,"d":"R$15.27"},{"v":9589.56,"d":"R$9,589.56"}]
["10.3","SINAPI",102209,"PINTURA EM ESMALTE SINTÉTICO 02 DEMÃOS EM RODA MEIO DE MADEIRA","M²",87.56,{"v":8.61,"d":"R$8.61"},{"v":10.67,"d":"R$10.67"},{"v":934.27,"d":"R$934.27"}]
["10.4","SINAPI",102209,"PINTURA EM ESMALTE SINTÉTICO 02 DEMÃOS EM PORTA DE MADEIRA","M²",{"v":276,"d":"276.00"},{"v":8.61,"d":"R$8.61"},{"v":10.67,"d":"R$10.67"},{"v":2944.92,"d":"R$2,944.92"}]
[11,null,null,"ELEMENTOS DECORATIVOS E OUTROS",{"$nulls":4},{"v":60990.33,"d":"R$60,990.33"}]
["11.1","SEINFRA","ED-48353","BANCO INTERNO EM CONCRETO E ALVENARIA, ACABAMENTO EM VERNIZ, E = 8 CM, L = 40 CM","M",{"v":10.8,"d":"10.80"},{"v":206.17,"d":"R$206.17"},{"v":255.61,"d":"R$255.61"},{"v":2760.59,"d":"R$2,760.59"}]
["11.2","SEINFRA","ED-48344","BANCADA EM GRANITO CINZA ANDORINHA E = 3 CM, APOIADA EM ALVENARIA","M²",1.71,{"v":348.69,"d":"R$348.69"},{"v":432.31,"d":"R$432.31"},{"v":739.25,"d":"R$739.25"}]
["11.3","SEINFRA","ED-21657","BANCADA EM GRANITO, COR CINZA ANDORINHA, ESP. 2CM, ACABAMENTO POLIDO, APOIADA EM ALVENARIA, EXCLUSIVE ALVENARIA, RODABANCA/FRONTÃO, TESTEIRA/FAIXA, FURO EM BANCADA, CUBA METÁLICA, VÁLVULA, SIFÃO, TORNEIRA E ENGATE FLEXÍVEL","M2",2.19,{"v":373.36,"d":"R$373.36"},{"v":462.89,"d":"R$462.89"},{"v":1013.73,"d":"R$1,013.73"}]
["11.4","SEINFRA","ED-21657","BANCADA EM GRANITO, COR CINZA ANDORINHA, ESP. 2CM, ACABAMENTO POLIDO, APOIADA EM ALVENARIA, EXCLUSIVE ALVENARIA, RODABANCA/FRONTÃO, TESTEIRA/FAIXA, FURO EM BANCADA, CUBA METÁLICA, VÁLVULA, SIFÃO, TORNEIRA E ENGATE FLEXÍVEL","M2",2.19,{"v":373.36,"d":"R$373.36"},{"v":462.89,"d":"R$462.89"},{"v":1013.73,"d":"R$1,013.73"}]
["11.5","SEINFRA",8344,"BANCADA EM ALVENARIA, COM PORTAS EM MADEIRA COM REVESTIMENTO MELAMÍNICO, TAMPO EM GRANITO CINZA ANDORINHA, CONFORME PROJETO","UN",{"v":1,"d":"1.00"},{"v":1560.21,"d":"R$1,560.21"},{"v":1934.35,"d":"R$1,934.35"},{"v":1934.35,"d":"R$1,934.35"}]
["11.6","SEINFRA",50832,"BANCADA COM TAMPO DE MADEIRA COM REVESTIMENTO MELAMÍNICO BRANCO (DIM 0,80 X 6,00 M) E BASE EM ALVENARIA REVESTIDA EM CERÂMICA, CONFORME PROJETO.","UN",{"v":2,"d":"2.00"},{"v":2658.34,"d":"R$2,658.34"},{"v":3295.81,"d":"R$3,295.81"},{"v":6591.62,"d":"R$6,591.62"}]
["11.7","SEINFRA","ED-50869","QUADRO PARA PINCEL ATÔMICO, EM CHAPA RESINADA (310 X 131 CM), COMPLETO","UN",{"v":6,"d":"6.00"},{"v":1206.99,"d":"R$1,206.99"},{"v":1496.43,"d":"R$1,496.43"},{"v":8978.58,"d":"R$8,978.58"}]
["11.8","SEINFRA","ED-50870","QUADRO PARA PINCEL ATÔMICO, EM CHAPA RESINADA (310 X 131 CM), COMPLETO  (SALA DE INFORMATICA)","UN",{"v":1,"d":"1.00"},{"v":1206.99,"d":"R$1,206.99"},{"v":1496.43,"d":"R$1,496.43"},{"v":1496.43,"d":"R$1,496.43"}]
["11.9","SEINFRA","ED-50688","PRATELEIRA DE ARDÓSIA E = 2 CM APOIADA EM CONSOLE DE METALON 20 X 30 MM","M²",9.54,{"v":241.53,"d":"R$241.53"},{"v":299.45,"d":"R$299.45"},{"v":2856.75,"d":"R$2,856.75"}]
["11.10","SINAPI",72553,"EXTINTOR DE PÓ QUÍMICO ABC, CAPACIDADE 6 KG, ALCANCE MÉDIO DO JATO 5M , TEMPO DE DESCARGA 16S, NBR9443, 9444, 10721","UN",{"v":8,"d":"8.00"},{"v":190.79,"d":"R$190.79"},{"v":236.54,"d":"R$236.54"},{"v":1892.32,"d":"R$1,892.32"}]
["11.11","SINAPI",92691,"TUBO DE AÇO PRETO SEM COSTURA, CLASSE MÉDIA, CONEXÃO SOLDADA, DN 25 (1 M \"), INSTALADO EM RAMAIS E SUB-RAMAIS DE GÁS -FORNECIMENTO E INSTALAÇÃO. AF_10/2020","M",{"v":7,"d":"7.00"},{"v":90.24,"d":"R$90.24"},{"v":111.88,"d":"R$111.88"},{"v":783.16,"d":"R$783.16"}]
["11.12","SINAPI",92382,"JOELHO 90 GRAUS, EM FERRO GALVANIZADO, DN 25 (1\"), CONEXÃO ROSQUEADA,  INSTALADO EM REDE DE ALIMENTAÇÃO PARA HIDRANTE - FORNECIMENTO E INSTALAÇÃO. AF_10/2020","UN",{"v":5,"d":"5.00"},{"v":48.48,"d":"R$48.48"},{"v":60.11,"d":"R$60.11"},{"v":300.55,"d":"R$300.55"}]
["11.13","SINAPI",92637,"TÊ, EM FERRO GALVANIZADO, CONEXÃO ROSQUEADA, DN 25 (1\"), INSTALADO EM REDE DE ALIMENTAÇÃO PARA HIDRANTE - ORNECIMENTO E INSTALAÇÃO. AF_10/2020","UN",{"v":1,"d":"1.00"},{"v":65.58,"d":"R$65.58"},{"v":81.31,"d":"R$81.31"},{"v":81.31,"d":"R$81.31"}]
["11.14","SINAPI",92892,"UNIÃO, EM FERRO GALVANIZADO, DN 25 (1\"), CONEXÃO ROSQUEADA, INSTALADO EM REDE DE ALIMENTAÇÃO PARA HIDRANTE - FORNECIMENTO E INSTALAÇÃO. AF_10/2020","UN",{"v":2,"d":"2.00"},{"v":55.29,"d":"R$55.29"},{"v":68.55,"d":"R$68.55"},{"v":137.1,"d":"R$137.10"}]
["11.15","SINAPI",103029,"REGISTRO OU REGULADOR DE GÁS DE COZINHA - FORNECIMENTO E INSTALAÇÃO.F_08/2021","UN",{"v":1,"d":"1.00"},{"v":60.59,"d":"R$60.59"},{"v":75.12,"d":"R$75.12"},{"v":75.12,"d":"R$75.12"}]
["11.16","SINAPI",92370,"LUVA EM AÇO FORJADO CLASSE 10 Ø 3/4\"","UN",{"v":3,"d":"3.00"},{"v":35.11,"d":"R$35.11"},{"v":43.53,"d":"R$43.53"},{"v":130.59,"d":"R$130.59"}]
["11.17","SINAPI",102162,"INSTALAÇÃO DE VIDRO LISO INCOLOR, E = 4 MM, EM ESQUADRIA DE ALUMÍNIO OU PVC, FIXADO COM BAGUETE. AF_01/2021_PS","M²",62.58,{"v":352.18,"d":"R$352.18"},{"v":436.63,"d":"R$436.63"},{"v":27324.31,"d":"R$27,324.31"}]
["11.18","SINAPI",102170,"INSTALAÇÃO DE VIDRO IMPRESSO, E = 4 MM, EM ESQUADRIA DE ALUMÍNIO OU PVC, FIXADO COM BAGUETE. AF_01/2021_PS","M²",{"v":2.1,"d":"2.10"},{"v":334.26,"d":"R$334.26"},{"v":414.42,"d":"R$414.42"},{"v":870.28,"d":"R$870.28"}]
["11.19","SEINFRA","ED-51150","ESPELHO CRISTAL, DIMENSÃO (60X90)CM, COM ESP. 4MM, EM ACABAMENTO LAPIDADO, INCLUSIVE FIXAÇÃO COM PARAFUSO TIPO FINESSON, FORNECIMENTO E INSTALAÇÃO","UN",{"v":8,"d":"8.00"},{"v":202.71,"d":"R$202.71"},{"v":251.32,"d":"R$251.32"},{"v":2010.56,"d":"R$2,010.56"}]
[12,null,null,"INSTALAÇÕES DE REDE LÓGICA",{"$nulls":4},{"v":9340.63,"d":"R$9,340.63"}]
["12.1","SEINFRA","ED-4931","ELETRODUTO DE PVC RÍGIDO ROSCÁVEL, DN 32 MM (1.1/4\"), INCLUSIVE CONEXÕES, SUPORTES E FIXAÇÃO","M",{"v":110,"d":"110.00"},{"v":30.46,"d":"R$30.46"},{"v":37.76,"d":"R$37.76"},{"v":4153.6,"d":"R$4,153.60"}]
["12.2","SINAPI",91898,"CURVA 180 GRAUS PARA ELETRODUTO, PVC, ROSCÁVEL, DN 40 MM (1 1/4\"), PAR A CIRCUITOS TERMINAIS, INSTALADA EM FORRO - FORNECIMENTO E INSTALAÇÃO. AF_03/2023","UN",{"v":26,"d":"26.00"},{"v":21.16,"d":"R$21.16"},{"v":26.23,"d":"R$26.23"},{"v":681.98,"d":"R$681.98"}]
["12.3","SINAPI",93013,"LUVA PARA ELETRODUTO, PVC, ROSCÁVEL, DN 40 MM (1 1/4\"), PARA REDE ENTERRADA DE DISTRIBUIÇÃO DE ENERGIA ELÉTRICA - FORNECIMENTO E INSTALAÇÃO","UN",14.69,{"v":21.16,"d":"R$21.16"},{"v":26.23,"d":"R$26.23"},{"v":385.32,"d":"R$385.32"}]
["12.4",null,null,"BUCHA/ARRUELA ALUMINIO 1.1/4\"","UN",{"v":45,"d":"45.00"},{"v":1.03,"d":"R$1.03"},{"v":1.28,"d":"R$1.28"},{"v":57.6,"d":"R$57.60"}]
["12.5","SINAPI",98262,"CABO CCI-50  2 PARES","M",{"v":35,"d":"35.00"},{"v":4.05,"d":"R$4.05"},{"v":5.02,"d":"R$5.02"},{"v":175.7,"d":"R$175.70"}]
["12.6","SEINFRA","ED-9194","CABO UTP COM QUATRO (4) PARES, CATEGORIA 6, CLASSIFICAÇÃO LSZH, COM ISOLAMENTO NÃO HALOGENADO E ANTICHAMA, EXCLUSIVE CONECTOR/PLUG MACHO RJ45 E","M",{"v":205,"d":"205.00"},{"v":6.17,"d":"R$6.17"},{"v":7.65,"d":"R$7.65"},{"v":1568.25,"d":"R$1,568.25"}]
["12.7","SEINFRA","ED-9195","OBTURADOR COM HASTE PADRÃO TELEBRAS","UN",{"v":1,"d":"1.00"},{"v":7.2,"d":"R$7.20"},{"v":8.93,"d":"R$8.93"},{"v":8.93,"d":"R$8.93"}]
["12.8","SEINFRA","ED-9196","QUADRO DE DISTRIBUICAO PARA TELEFONE N.3, 40X40X12CM EM CHAPA METÁLICA, SEM ACESSÓRIOS, PADRÃO TELEBRAS, FORNECIMENTO E INSTALAÇÃO","UN",{"v":1,"d":"1.00"},{"v":154,"d":"R$154.00"},{"v":190.93,"d":"R$190.93"},{"v":190.93,"d":"R$190.93"}]
["12.9","SEINFRA","ED-9197","CONECTOR RJ45 (FÊMEA), PARA LÓGICA","UN",{"v":19,"d":"19.00"},{"v":46.4,"d":"R$46.40"},{"v":57.53,"d":"R$57.53"},{"v":1093.07,"d":"R$1,093.07"}]
["12.10","SEINFRA","ED-9198","ESPELHO PLÁSTICO RJ11/RJ45 2X4\", 2 SAIDAS","UN",{"v":19,"d":"19.00"},{"v":18.15,"d":"R$18.15"},{"v":22.5,"d":"R$22.50"},{"v":427.5,"d":"R$427.50"}]
["12.11","SINAPI",98308,"TOMADA PARA TELEFONE","UN",{"v":7,"d":"7.00"},{"v":28.9,"d":"R$28.90"},{"v":35.83,"d":"R$35.83"},{"v":250.81,"d":"R$250.81"}]
["12.12","SEINFRA","ED-49188","CAIXA DE LIGAÇÃO/PASSAGEM EM PVC RÍGIDO PARA ELETRODUTO, DIMENSÕES 4\"X4\", EMBUTIDA EM ALVENARIA - FORNECIMENTO E INSTALAÇÃO","UN",{"v":22,"d":"22.00"},{"v":12.72,"d":"R$12.72"},{"v":15.77,"d":"R$15.77"},{"v":346.94,"d":"R$346.94"}]
[13,null,null,"PORTAL DE ACESSO (MURO E COBERTURA)",{"$nulls":4},{"v":9722.78,"d":"R$9,722.78"}]
["13.1","SINAPI",101161,"ALVENARIA DE VEDAÇÃO COM ELEMENTO VAZADO DE CONCRETO (COBOGÓ) DE 7X50X50CM E ARGAMASSA DE ASSENTAMENTO COM PREPARO EM BETONEIRA. AF_05/2020","M²",13.05,{"v":220.01,"d":"R$220.01"},{"v":272.77,"d":"R$272.77"},{"v":3559.65,"d":"R$3,559.65"}]
["13.2","SEINFRA","ED-50985","PORTÃO EM CHAPA DE AÇO, TIPO DIAMANTE, ESP. 1,20MM (MSG18), COM REQUADRO EM CANTONEIRA DE AÇO 1.1/4¿X1/8¿,EXCLUSIVE CADEADO E PINTURA","M²",{"v":4.2,"d":"4.20"},{"v":481.73,"d":"R$481.73"},{"v":597.25,"d":"R$597.25"},{"v":2508.45,"d":"R$2,508.45"}]
["13.3","SINAPI",104843,"EXECUÇÃO DE PERFURAÇÃO PARA TIRANTE, COMPRIMENTO MAIOR OU IGUAL A 6 M M E MENOR QUE 14 M, COM DIÂMETRO DE FURO DE 150 MM EXECUTADO COM HASTE E TUBOS DE REVESTIMENTO UTILIZANDO PERFURATRIZ SOBRE ESTEIRA. AF_11/2023","M²",{"v":2,"d":"2.00"},{"v":114.8,"d":"R$114.80"},{"v":142.33,"d":"R$142.33"},{"v":284.66,"d":"R$284.66"}]
["13.4","SINAPI",92539,"TRAMA DE MADEIRA COMPOSTA POR RIPAS, CAIBROS E TERÇAS PARA TELHADOS DE M2 ATÉ 2 ÁGUAS PARA TELHA DE ENCAIXE DE CERÂMICA OU DE CONCRETO, INCLUSO TRANSPORTE VERTICAL. AF_07/2019","M²",{"v":15.6,"d":"15.60"},{"v":94.12,"d":"R$94.12"},{"v":116.69,"d":"R$116.69"},{"v":1820.36,"d":"R$1,820.36"}]
["13.5","SINAPI",94445,"TELHAMENTO COM TELHA CERÂMICA CAPA-CANAL, TIPO PLAN, COM ATÉ 2 ÁGUAS, M2 INCLUSO TRANSPORTE VERTICAL. AF_07/2019","M²",{"v":9.2,"d":"9.20"},{"v":78.75,"d":"R$78.75"},{"v":97.63,"d":"R$97.63"},{"v":898.2,"d":"R$898.20"}]
["13.6","SINAPI",94221,"CUMEEIRA PARA TELHA CERÂMICA EMBOÇADA COM ARGAMASSA TRAÇO 1:2:9 (CIMENTO, CAL E AREIA) PARA TELHADOS COM ATÉ 2 ÁGUAS, INCLUSO TRANSPORTE VERTICAL. AF_07/2019","M²",{"v":15.6,"d":"15.60"},{"v":33.68,"d":"R$33.68"},{"v":41.76,"d":"R$41.76"},{"v":651.46,"d":"R$651.46"}]
[14,null,null,"SERVIÇOS FINAIS",{"$nulls":4},{"v":1732,"d":"R$1,732.00"}]
[null,"SINAPI",99814,"LIMPEZA GERAL","M²",{"v":853.2,"d":"853.20"},{"v":1.64,"d":"R$1.64"},{"v":2.03,"d":"R$2.03"},{"v":1732,"d":"R$1,732.00"}]
["TOTAL:",{"$nulls":7},{"v":575484.99,"d":"575,484.99"}]
[]
[]
[]
["__________________________________________________________________________"]
["ELIVALDO VERSIANI DE SOUZA"]
["PREFEITO DO MUNICIPIO DE PATIS/MG"]
[]
[]
[]
["__________________________________________________________________________"]
["GERALDO AUGUSTO FERREIRA DA SILVA"]
["ENG. CIVIL CREA/MG nº 18.8291/D"]
[]
["PATIS, 30 de Julho de 2025."]

{"sheet":"CRONOGRAMA","index":1,"n_rows":36,"n_cols":28,"rows_kept":36,"merged":[[0,0,0,27],[1,0,1,1],[1,2,1,5],[1,6,1,14],[1,15,1,27],[2,0,2,9],[2,10,2,14],[2,15,2,26],[3,0,4,0],[3,1,4,1],[3,2,3,3],[3,4,3,5],[3,6,3,7],[3,8,3,9],[3,10,3,11],[3,12,3,13],[3,14,3,15],[3,16,3,17],[3,18,3,19],[3,20,3,21],[3,22,3,23],[3,24,3,25],[3,26,4,26],[3,27,4,27],[19,0,19,25],[25,0,25,8],[25,15,25,23],[26,0,26,8],[26,15,26,23],[27,0,27,8],[27,15,27,23]],"flags":["formulas_cached_only"]}
["CRONOGRAMA FISICO FINANCEIRO "]
["MUNICIPIO DE PATIS/MG",null,"VALOR ",{"$nulls":3},{"v":575484.99,"d":"R$575,484.99"},{"$nulls":8},"DATA: 30/07/2025"]
["OBRA: TÉRMINO DE CONSTRUÇÃO DE ESCOLA 06 SALAS NO ÂMBITO DO PROJETO ESPAÇO EDUCATIVO URBANO E RURAL II/FNDE",{"$nulls":9},"LOCAL: POVOADO DE CASA NOVA ",{"$nulls":4},"PRAZO DE EXECUÇÃO: 360 DIAS",{"$nulls":11},100]
["ORDEM","DESCRIÇÃO","MÊS 1",null,"MÊS 2",null,"MÊS 3",null,"MÊS 4",null,"MÊS 5",null,"MÊS 6",null,"MÊS 7",null,"MÊS 8",null,"MÊS 9",null,"MÊS 10",null,"MÊS 11",null,"MÊS 12",null,"VALOR DO ITEM (R$)","(%) REFERENTE A OBRA"]
[null,null,"Q1","Q2","Q1","Q2","Q1","Q2","Q1","Q2","Q1","Q2","Q1","Q2","Q1","Q2","Q1","Q2"]
[1,"SERVIÇOS PRELIMINARES",{"$nulls":24},{"v":2413.18,"d":"2,413.18"},{"v":0.4193297899915686,"d":"0.42"}]
[2,"INSTALAÇÕES HIDRÁULICA",{"$nulls":24},{"v":52211.15,"d":"52,211.15"},{"v":9.07254766106063,"d":"9.07"}]
[3,"INSTALAÇÕES ELÉTRICAS E TELEFÔNICAS 110V",{"$nulls":24},{"v":128106.37,"d":"128,106.37"},{"v":22.260592756728546,"d":"22.26"}]
[4,"ALVENARIA",{"$nulls":24},{"v":13072.41,"d":"13,072.41"},{"v":2.2715466479846853,"d":"2.27"}]
[5,"ESQUADRIAS",{"$nulls":24},{"v":80677.96,"d":"80,677.96"},{"v":14.019124981869641,"d":"14.02"}]
[6,"SISTEMA DE COBERTURA",{"$nulls":24},{"v":1554.97,"d":"1,554.97"},{"v":0.270201660689708,"d":"0.27"}]
[7,"REVESTIMENTOS INTERNOS E EXTERNOS",{"$nulls":24},{"v":64140.52,"d":"64,140.52"},{"v":11.145472273742536,"d":"11.15"}]
[8,"SISTEMAS DE PISOS INTERNOS E EXTERNOS (PAVIMENTAÇÃO)",{"$nulls":24},{"v":115244.68,"d":"115,244.68"},{"v":20.025662181041422,"d":"20.03"}]
[9,"SOLEIRA E RODAPÉS",{"$nulls":24},{"v":10420.69,"d":"10,420.69"},{"v":1.8107666022705475,"d":"1.81"}]
[10,"PINTURA",{"$nulls":24},{"v":25857.32,"d":"25,857.32"},{"v":4.493135433471514,"d":"4.49"}]
[11,"ELEMENTOS DECORATIVOS E OUTROS",{"$nulls":24},{"v":60990.33,"d":"60,990.33"},{"v":10.598074851613418,"d":"10.60"}]
[12,"INSTALAÇÕES DE REDE LÓGICA",{"$nulls":24},{"v":9340.63,"d":"9,340.63"},{"v":1.6230883797681672,"d":"1.62"}]
[13,"PORTAL DE ACESSO (MURO E COBERTURA)",{"$nulls":24},{"v":9722.78,"d":"9,722.78"},{"v":1.689493239432709,"d":"1.69"}]
[14,"SERVIÇOS FINAIS",{"$nulls":24},{"v":1732,"d":"1,732.00"},{"v":0.3009635403349095,"d":"0.30"}]
["TOTAL:",{"$nulls":25},{"v":575484.99,"d":"R$575,484.99"},{"v":99.99999999999999,"d":"100.00"}]
[]
[]
[]
[]
[]
["__________________________________________________________________________",{"$nulls":14},"__________________________________________________________________________"]
["ELIVALDO VERSIANI DE SOUZA",{"$nulls":14},"GERALDO AUGUSTO FERREIRA DA SILVA"]
["PREFEITO DO MUNICIPIO DE PATIS/MG",{"$nulls":14},"ENG. CIVIL CREA/MG nº 18.8291/D"]
{"$rows_empty":7}
["PATIS, 30 de Julho de 2025."]

{"sheet":"BDI","index":2,"n_rows":20,"n_cols":18,"rows_kept":20,"merged":[[0,0,0,19],[1,1,1,9],[1,10,1,19],[2,1,2,19],[3,1,3,19],[4,0,4,7],[4,8,4,12],[4,13,4,16],[4,17,4,19],[5,0,5,7],[5,8,5,10],[5,13,5,17],[6,0,6,7],[6,8,6,10],[6,13,6,17],[7,0,7,7],[7,8,7,10],[7,13,7,17],[8,0,8,7],[8,8,8,10],[8,13,8,17],[9,0,9,7],[9,8,9,10],[9,13,10,19],[10,0,10,7],[10,8,10,10],[11,0,11,17]],"flags":["formulas_cached_only"]}
["PLANILHA DE CALCULO BDI"]
["MUNICIPIO","PREFEITURA MUNICIPAL DE PATIS",{"$nulls":8},"TERMO DE COMPROMISSO PAR N° 17490/2013"]
["PROJETO","TERMINO DA CONSTRUÇÃO DA ESCOLA 06 SALAS PADRÃO FNDE CASA NOVA"]
["ENDEREÇO:","COMUNIDADE DE CASA NOVA"]
["Composição de BDI Sugerida",{"$nulls":7},"Composição de BDI Adotada",{"$nulls":4},"BDI Proposto",{"$nulls":3},{"v":0.23978680305957445,"d":"23.98%"}]
["Garantia (G)",{"$nulls":7},"Garantia:",null,null,0.49,"%"," Fórmula:"]
["Risco (R)",{"$nulls":7},"Risco:",null,null,1.39,"%","BDI = ((1+AC+G+S+R) x (1+DF) x (1+L))  -1"]
["Despesas Financeiras (DF)",{"$nulls":7},"Despesas Financeiras:",null,null,0.99,"%","(1-T)"]
["Administração Central (AC)",{"$nulls":7},"Administração Central:",null,null,4.93,"%","  Observação:"]
["Lucros (L) ",{"$nulls":7},"Lucros:",null,null,8.04,"%","   I)   Composição do BDI,Intervalos admissíveis e Fórmula de Cálculo no Acórdão 2622/2013 do TCU"]
["Tributos (T)",{"$nulls":7},"Tributos:",null,null,{"v":6,"d":"6.00"},"%"]
[]
[]
[]
[]
[]
[]
[null,"__________________________________________",{"$nulls":9},"_____________________________________"]
[null,"ELIVALDO VERSIANI DE SOUZA",{"$nulls":9},"GERALDO AUGUSTO FERREIRA DA SILVA"]
[null,"PREFEITO MUNICIPAL",{"$nulls":9},"ENGENHEIRO CIVIL CREA:188291/D"]